| Tag |
First Indicator |
Second Indicator |
Subfields |
| LEADER |
00000cam a2200000 4500 |
| 001 |
in00000032856 |
| 005 |
20151007063238.0 |
| 008 |
750730s1947 nyu 00011 eng u |
| 010 |
|
|
|a 47003527
|
| 035 |
|
|
|a (OCoLC)01489389
|
| 035 |
|
|
|9 AAD6901AM
|
| 040 |
|
|
|c DZM
|d TXA
|d UtOrBLW
|
| 049 |
|
|
|a TXAM
|c [167442]
|
| 050 |
0 |
0 |
|a PZ3.S9856
|b Mo
|
| 090 |
|
|
|a PS3537.Y68
|b M66 1947
|
| 092 |
|
|
|a 813
|b S985m
|
| 100 |
1 |
|
|a Sylvester, Harry,
|d 1908-
|
| 245 |
1 |
0 |
|a Moon Gaffney /
|c by Harry Sylvester.
|
| 264 |
|
1 |
|a New York :
|b H. Holt and company,
|c [1947]
|
| 264 |
|
4 |
|c ©1947
|
| 300 |
|
|
|a 3 pages ., 289 pages ;
|c 21 cm.
|
| 336 |
|
|
|a text
|b txt
|2 rdacontent
|
| 337 |
|
|
|a unmediated
|b n
|2 rdamedia
|
| 338 |
|
|
|a volume
|b nc
|2 rdacarrier
|
| 999 |
|
|
|a MARS
|
| 999 |
f |
f |
|s 71e8ed65-0589-3e02-9aa6-c959d5fc1db2
|i 6adaa2af-1d0f-3ab0-8e0e-69a2cdf96695
|t 0
|
| 952 |
f |
f |
|p ric
|a Texas A&M University
|b Rellis Campus
|c Joint Library Facility
|d Remote Storage
|t 0
|e PS3537.Y68 M66 1947
|h Library of Congress classification
|i unmediated -- volume
|m A14801252623
|
| 998 |
f |
f |
|a PS3537.Y68 M66 1947
|t 0
|l Remote Storage
|